000
00305nam a2200097Ia 4500
008
220204s9999 xx 000 0 und d
082
_a
581.1(031)
_b
ENC.9
245
0
_a
Encyclopedia of plant physiology. New Series. V 9. Hormonal regulation of development. I
260
_a
Berlin
_b
Springer
_c
1980
942
_c
BK
999
_c
36585
_d
36585